Zurbarán
Gespeichert in:
| 1. Verfasser: | |
|---|---|
| Format: | Buch |
| Sprache: | Spanisch |
| Veröffentlicht: |
Barcelona
Aedos
1948
|
| Schlagworte: | |
| Tags: |
Tag hinzufügen
Keine Tags, Fügen Sie den ersten Tag hinzu!
|
MARC
| LEADER | 00000nam a2200000 a 4500 | ||
|---|---|---|---|
| 001 | UCZ5893 | ||
| 003 | CL-VaPUC | ||
| 008 | 951127e19480000SP |||||||||||||||||spa|d | ||
| 082 | 0 | 4 | |a 759.6 |b GAY |2 21 |
| 100 | |a Gaya Nuño, Juan Antonio |e author |9 572972 | ||
| 245 | 1 | 0 | |a Zurbarán |
| 300 | |a 174 p | ||
| 942 | |c BK | ||
| 945 | |d 19951127 00:00:00 |a rbrito | ||
| 260 | |a Barcelona |b Aedos |c 1948 | ||
| 600 | 0 | |a Zurbarán, Francisco de, |d 1598-1664 |9 348034 | |
| 650 | 0 | |a Pintura española |9 315217 | |
| 650 | 0 | |a Pintores españoles |9 315216 | |
| 650 | 0 | |a Obras de arte |9 337253 | |
| 650 | 0 | |a Bellas artes |9 334299 | |
| 583 | |a last modification |c 19951127 00:00:00 |k Rodrigo Vera | ||
| 999 | |c 242171 |d 242169 | ||
| 952 | |0 0 |1 0 |4 0 |6 759_600000000000000_GAY_1948 |7 0 |8 R |9 254928 |a BIBART |b BIBART |d 2019-11-19 |i 3143392 |o 759.6 GAY 1948 |p 3143392 |r 2025-03-13 |w 2019-11-19 |y BK_R |k ART | ||